| 000 | nam a22 a 4500 | ||
|---|---|---|---|
| 999 |
_c2194 _d2194 |
||
| 005 | 20170515152504.0 | ||
| 008 | 170515s1983 xxua |b 001 | eng d | ||
| 020 | _a087581283X | ||
| 040 | _aAKMAL | ||
| 082 | _a370.15 HUD | ||
| 090 |
_a370.15 _bHUD |
||
| 245 |
_aEducational psychology _cBryce B. Hudgins ... [et al.]. |
||
| 260 |
_a Itasca, Ill. : _b F.E. Peacock Publishers, _c1983 |
||
| 300 |
_a690pg,; _c30 cm |
||
| 650 |
_aEducational psychology. _91289 |
||
| 942 |
_2ddc _cBOOK |
||